000
002470000a22000970004500
100
1
_a
Bray, Gerald
245
1
0
_a
Hell : Eternal punishment or total annihilaton?
300
_a
Vol. 10, Núm 2 (1992), Páginas 19-24
773
0
_t
Evangel
942
_c
ANA
999
_c
54254
_d
54254